| 000 | 01172cam a22003377a 4500 | ||
|---|---|---|---|
| 003 | CHAP | ||
| 005 | 20220329143040.0 | ||
| 008 | 051024d2005 mx r 00110 spa d | ||
| 010 | _a91200 | ||
| 011 | _a92172 | ||
| 035 | _a102735 | ||
| 040 | _cCHAP | ||
| 090 | _aTesis | ||
| 100 | 0 | 0 |
_aLara Villalobos, Araceli. _964879 |
| 245 | 1 | 0 |
_aIntroducción al cultivo de Galphimia glauca cav. (Malphigiaceae) y observaciones clínicas en pacientes voluntarios _c/por Araceli Lara Villalobos |
| 260 |
_aChapingo, Méx. : _bEl autor, _c2005. |
||
| 300 | _a121 h. | ||
| 502 | _aTesis (M. C. en Horticultura) - - UACH. Departamento de Fitotecnia | ||
| 590 |
_aALEPH _b10 _c20130110 _lUCH01 _h1507 |
||
| 590 |
_aBATCH-UPD _b10 _c20130110 _lUCH01 _h0728 |
||
| 590 |
_aBATCH-UPD _b10 _c20130410 _lUCH01 _h0411 |
||
| 590 |
_aBATCH-UPD _b10 _c20130914 _lUCH01 _h0742 |
||
| 590 |
_aCONVERSION _b10 _c20130109 _lUCH01 _h1350 |
||
| 650 | 1 | 4 |
_aBotánica médica. _914680 |
| 650 | 1 | 4 |
_aMalpighia. _970199 |
| 901 | _aBK | ||
| 905 | _aLilia | ||
| 942 | _cFOLL | ||
| 949 |
_aTesis _bBC _cTES _d1027351 _eTS1 _h44249 _i102735 _sb |
||
| 949 |
_aTesis _bBC _cTES _d33724000965620 _eTS2 _fc.2 _h44250 _i102735 _sb |
||
| 999 |
_c91200 _d91200 |
||